All 45 European Countries Being Drawn - Statistics

General Stats
  • This quiz has been taken 79,078 times
  • The average score is 26 of 45
Answers on the Map
Answers color-coded by a green-red scale on the quiz's map according to % correct below.
 
Answer Stats
% Correct
Serbia
74%
Kosovo
71%
North Macedonia
67%
Slovakia
67%
Romania
64%
United Kingdom
64%
Austria
62%
Belarus
62%
Albania
61%
Hungary
61%
San Marino
61%
Croatia
60%
Liechtenstein
60%
Luxembourg
60%
Bosnia and Herzegovina
59%
Denmark
59%
France
59%
Montenegro
59%
Czech Republic
58%
Germany
58%
Greece
58%
Bulgaria
57%
Finland
57%
Iceland
57%
Italy
57%
Andorra
56%
Belgium
56%
Ireland
56%
Estonia
54%
Malta
54%
Norway
54%
Latvia
53%
Monaco
53%
Netherlands
53%
Portugal
53%
Russia
53%
Moldova
52%
Poland
52%
Spain
52%
Sweden
51%
Lithuania
50%
Ukraine
50%
Switzerland
49%
Vatican City
49%
Slovenia
48%
No matching quizzes found
Score Distribution
Percent of People with Each Score
Percentile by Number Answered
Your Score History
You have not taken this quiz